| 000 | 00706nam a2200205Ii 4500 | ||
|---|---|---|---|
| 003 | JO-AjNU | ||
| 008 | 230605s9999||||xx |||||||||||||| ||und|| | ||
| 020 | _a978-614-404-889-4 | ||
| 040 |
_aJO-AjNU _bara _erda _cJO-AjNU |
||
| 041 | _aara | ||
| 050 | 1 | 4 | _aPJ7820 2016 |
| 100 | 3 |
_aالطراونة، عماد عبده , _eauthor _957799 |
|
| 245 | 0 | 0 | _aحكاية محمود درويش في ارض الكلام |
| 264 | 3 | 1 | _aبيروت: دار الانتشار العربي، 2013 |
| 300 | _a656ص | ||
| 336 |
_atext _btxt _2rdacontent |
||
| 337 |
_aunmediated _bn _2rdamedia |
||
| 338 |
_avolume _bnc _2rdacarrier |
||
| 650 | 4 |
_aالشعراء العرب-تراجم-السيرة الذاتية _957800 |
|
| 999 |
_aA25922 _c29490 _d29490 |
||